000 01810cam a22004334i 4500
003 PE-LiUPU
005 20250731184538.0
008 150623s r 000 0 d
035 _a(Sirsi) a24948
040 _aPE-LiUPU
_bspa
_cPE-LiUPU
_erda
082 0 4 _a980.9
_bC14
_221
100 1 _aCáceres, Florival,
_eautor.
245 1 0 _aHistória da América /
_cFlorival Cáceres.
264 1 _aSao Paulo :
_bEditoria Moderna,
_c1988.
300 _a281 páginas :
_bilustraciones, gráficos ;
_c22 cm.
336 _atext
_2rdacontent
337 _aunmediated
_2rdamedia
338 _avolume
_2rdacarrier
504 _aIncluye bibliografía.
505 0 _aA colonizacao da Amèrica. -A Expansao maritima, comercial e colonial europeia. -Os fundamentos da colonizacao da América. -A colonizacao da América espanhola. -A colonizacao portugueza. -A colonizacao inglesa. -A colonizacao holandesa. -A colonizacao francesa. -A crise do sistema colonial. -As Independencias americanas. -Os E.U.A. após a independencia. - América latina. -La cultura latino -americana: importacao e criacao. -Un estudio o caso: Argentina y Mexico.
526 _aP136
526 _aP135
526 _aP134
526 _aP133
526 _aP144
526 _aP143
526 _aP87
526 _aP35
526 _aP20
526 _aP14
526 _aP10
526 _aP06
650 0 4 _aAmérica
_xHistoria.
942 _2ddc
_cBOOK
949 _a980.9 C14
_wDEWEY
_c1
_i49359
_lCCODEBUL1
_mBUL
_p00.00
_r0
_sY
_tBOOK
_u2015-06-24
_xTEOLOGIA
_PP35
_0COMPRA
_o.STAFF. Colección General
596 _a1
999 _a980.9 C14
_wDEWEY
_c29038
_i49359
_d29038
_f2021-11-12
_g5
_lCCODEBUL1
_mBUL
_q1
_r0
_sY
_tBOOK
_u2015-6-24
_xTEOLOGIA
_PP35
_0COMPRA
_o.STAFF. Colección General
980 _81
_gALBERTO SANCHEZ Responsable de Automatización